[Event "Nichelino Berruto Memorial 19th"]
[Site "Nichelino"]
[Date "2016.03.11"]
[Round "5"]
[White "Manunta, Andrea"]
[Black "Malano, Francesco"]
[Result "1/2-1/2"]
[WhiteElo "1837"]
[BlackElo "1878"]
[PlyCount "109"]
[EventDate "2016.02.12"]
[EventType "swiss"]
[EventRounds "6"]
[EventCountry "ITA"]
[SourceTitle "EXT 2018"]
[Source "ChessBase"]
[SourceDate "2017.10.13"]
[SourceVersion "1"]
[SourceVersionDate "2017.10.13"]
[SourceQuality "1"]

1. d4 d6 2. Nf3 f5 3. e3 Nf6 4. b3 g6 5. Bb2 Bg7 6. Bc4 e6 7. Nc3 d5 8. Bd3 0-0 9. Qe2 Ne4 10. 0-0 Nxc3 11. Bxc3 a5 12. Qd2 b6 13. a3 c6 14. b4 axb4 15. axb4 Rxa1 16. Rxa1 Qc7 17. b5 cxb5 18. Bb4 Re8 19. Bxb5 Bd7 20. Bd3 Nc6 21. Bc3 Rc8 22. Rb1 Na5 23. Bb4 Nc4 24. Qe2 Ra8 25. Bxc4 Qxc4 26. Qxc4 dxc4 27. c3 Ra2 28. Kf1 Ba4 29. Ke1 Bc2 30. Rc1 Bd3 31. Nd2 Kf7 32. f4 g5 33. g3 gxf4 34. exf4 b5 35. Nf3 Bf6 36. Bd6 Be4 37. Nd2 h5 38. Ke2 Bd3+ 39. Ke3 Kg6 40. h4 Bd8 41. Bb4 Kf7 42. Re1 Be7 43. Nf3 Ke8 44. Ng5 Kd7 45. Kf3 Ra6 46. Nh7 Bd8 47. Nf8+ Ke8 48. Rxe6+ Rxe6 49. Nxe6 Be4+ 50. Ke3 Bb6 51. Ng5 Bd5 52. Nf3 Be6 53. Nd2 Bd5 54. Nb1 Kd7 55. Nd2 1/2-1/2

[Event "Nichelino Berruto Memorial 19th"]
[Site "Nichelino"]
[Date "2016.02.12"]
[Round "1"]
[White "Manunta, Andrea"]
[Black "Salerno, Carmine"]
[Result "1-0"]
[WhiteElo "1837"]
[BlackElo "1583"]
[PlyCount "69"]
[EventDate "2016.02.12"]
[EventType "swiss"]
[EventRounds "6"]
[EventCountry "ITA"]
[SourceTitle "EXT 2018"]
[Source "ChessBase"]
[SourceDate "2017.10.13"]
[SourceVersion "1"]
[SourceVersionDate "2017.10.13"]
[SourceQuality "1"]

1. d4 Nf6 2. c4 d5 3. cxd5 Qxd5 4. Nc3 Qd8 5. e4 e6 6. Nf3 b6 7. Bd3 Be7 8. 0-0 Bb7 9. Bf4 a6 10. Rc1 Nc6 11. Bb1 0-0 12. a3 Re8 13. Qd3 g6 14. Rfd1 Bf8 15. Ng5 Bg7 16. e5 Nd5 17. Bd2 Nce7 18. Qh3 h6 19. Nf3 Kh7 20. Ne4 Ng8 21. Nfg5+ Qxg5 22. Nxg5+ Kh8 23. Nxf7+ Kh7 24. Ng5+ Kh8 25. Bxg6 Re7 26. Nf7+ Rxf7 27. Bxf7 Rf8 28. Bxg8 Kxg8 29. Bxh6 Nf4 30. Bxf4 Rxf4 31. Qxe6+ Kh7 32. Rxc7 Be4 33. Qh3+ Kg8 34. Rxg7+ Kxg7 35. Qg3+ 1-0

[Event "Torino Martedi-A 3rd"]
[Site "Torino"]
[Date "2013.10.29"]
[Round "7"]
[White "Manunta, Andrea"]
[Black "Pulito, Alberto"]
[Result "0-1"]
[WhiteElo "1915"]
[BlackElo "2285"]
[PlyCount "52"]
[EventDate "2013.09.17"]
[EventType "tourn"]
[EventRounds "7"]
[EventCountry "ITA"]
[SourceTitle "EXT 2015"]
[Source "ChessBase"]
[SourceDate "2014.11.20"]
[SourceVersion "1"]
[SourceVersionDate "2014.11.20"]
[SourceQuality "1"]

1. d4 d6 2. Nf3 f5 3. Bf4 Nf6 4. e3 g6 5. h4 Bg7 6. h5 Nc6 7. h6 Bf8 8. d5 e5 9. Bg5 Nb8 10. c4 Be7 11. Nc3 a5 12. a3 0-0 13. Nd2 Nxd5 14. Bxe7 Nxe7 15. Qb3 Kh8 16. 0-0-0 Nd7 17. f4 Nc5 18. Qc2 c6 19. fxe5 dxe5 20. Nf3 Qc7 21. Be2 Ng8 22. Rd2 a4 23. Kb1 Qe7 24. Rh2 f4 25. e4 Nf6 26. Ne1 Nfxe4 0-1

[Event "Torino Martedi-A 3rd"]
[Site "Torino"]
[Date "2013.10.08"]
[Round "4"]
[White "Manunta, Andrea"]
[Black "Manni, Stefano"]
[Result "1-0"]
[WhiteElo "1915"]
[BlackElo "2010"]
[PlyCount "84"]
[EventDate "2013.09.17"]
[EventType "tourn"]
[EventRounds "7"]
[EventCountry "ITA"]
[SourceTitle "EXT 2015"]
[Source "ChessBase"]
[SourceDate "2014.11.20"]
[SourceVersion "1"]
[SourceVersionDate "2014.11.20"]
[SourceQuality "1"]

1. d4 d5 2. Nf3 Nf6 3. e3 e6 4. b3 c5 5. Bb2 cxd4 6. exd4 Nc6 7. Nbd2 Bd6 8. Bd3 0-0 9. 0-0 b6 10. Ne5 Qc7 11. Nxc6 Qxc6 12. Rc1 Bb7 13. f3 Nh5 14. g3 Qc7 15. f4 Nf6 16. Qf3 a5 17. Qe2 a4 18. a3 axb3 19. cxb3 Qe7 20. b4 Nd7 21. Nf3 f5 22. Rfe1 Rac8 23. Bb5 Rf6 24. Qd1 Ra8 25. Ne5 Nf8 26. Bc6 Rh6 27. Bxb7 Qxb7 28. Rc2 Nd7 29. Nxd7 Qxd7 30. Re3 g5 31. fxg5 Rg6 32. Rf3 Rxg5 33. Bc1 Rg4 34. Kh1 h5 35. h3 Rg6 36. Rfc3 h4 37. gxh4 f4 38. Rf3 Qf7 39. Qf1 Qf5 40. Rc6 Qe4 41. Qd3 Qe1+ 42. Rf1 Qxh4 1-0

[Event "Torino Martedi-A 3rd"]
[Site "Torino"]
[Date "2013.10.01"]
[Round "3"]
[White "Di Chiara, Mauro"]
[Black "Manunta, Andrea"]
[Result "1-0"]
[WhiteElo "2011"]
[BlackElo "1915"]
[PlyCount "145"]
[EventDate "2013.09.17"]
[EventType "tourn"]
[EventRounds "7"]
[EventCountry "ITA"]
[SourceTitle "EXT 2015"]
[Source "ChessBase"]
[SourceDate "2014.11.20"]
[SourceVersion "1"]
[SourceVersionDate "2014.11.20"]
[SourceQuality "1"]

1. g3 d5 2. Bg2 Nf6 3. Nf3 c5 4. 0-0 Nc6 5. d4 e6 6. c4 cxd4 7. cxd5 Qxd5 8. Nxd4 Qd7 9. Nxc6 bxc6 10. Qb3 Qb7 11. Qc2 Bd7 12. Nd2 Rc8 13. Nc4 Nd5 14. e4 Nb6 15. Qb3 Qa6 16. Ne5 Qb5 17. Nxd7 Nxd7 18. Qc3 Qb4 19. Bd2 Qxc3 20. Bxc3 f6 21. Rfd1 Bc5 22. Rac1 e5 23. Bh3 Rc7 24. Ba5 Bb6 25. Bb4 c5 26. Rxd7 Rxd7 27. Bxd7+ Kxd7 28. Bxc5 Bxc5 29. Rxc5 Rb8 30. b3 Kd6 31. Rc4 Rb6 32. Kf1 Ra6 33. Rc2 Kd7 34. Ke2 Kd8 35. f3 Kd7 36. Kd3 Rd6+ 37. Kc3 Rc6+ 38. Kb2 Rd6 39. Kc1 Ke7 40. Rd2 Rc6+ 41. Kb2 h5 42. h4 g6 43. b4 Rc7 44. Rc2 Rd7 45. a4 Rb7 46. Kb3 Kd6 47. b5 Rb6 48. Kb4 Kd7 49. Rd2+ Kc7 50. a5 Re6 51. Kc5 f5 52. Rd5 fxe4 53. fxe4 Re7 54. b6+ axb6+ 55. axb6+ Kb7 56. Kd6 Rg7 57. Rb5 g5 58. Kxe5 gxh4 59. gxh4 Rg4 60. Kf5 Rxh4 61. e5 Rh1 62. e6 Rf1+ 63. Kg6 h4 64. e7 Re1 65. Kf6 h3 66. Rh5 Rf1+ 67. Ke6 Re1+ 68. Kd7 Rd1+ 69. Ke8 Kxb6 70. Rxh3 Kc7 71. Rf3 Rh1 72. Kf8 Rh8+ 73. Kg7 1-0

[Event "Monte Sabotino op"]
[Site "Torino"]
[Date "2012.12.11"]
[Round "6"]
[White "Martini, Giorgio"]
[Black "Manunta, Andrea"]
[Result "1/2-1/2"]
[WhiteElo "1728"]
[BlackElo "1951"]
[PlyCount "75"]
[EventDate "2012.11.06"]
[EventType "swiss"]
[EventRounds "7"]
[EventCountry "ITA"]
[SourceTitle "EXT 2015"]
[Source "ChessBase"]
[SourceDate "2014.11.20"]
[SourceVersion "1"]
[SourceVersionDate "2014.11.20"]
[SourceQuality "1"]

1. d4 e6 2. c4 Nf6 3. Nc3 Bb4 4. e3 0-0 5. Nge2 b6 6. a3 Be7 7. Nf4 Bb7 8. Bd3 d6 9. d5 e5 10. Nh5 Nxh5 11. Qxh5 g6 12. Qe2 f5 13. e4 f4 14. b4 Nd7 15. Bd2 a5 16. b5 Nc5 17. Bc2 Qd7 18. Na4 Nxa4 19. Bxa4 Rf7 20. Bd1 Raf8 21. Qg4 Bc8 22. Qxd7 Bxd7 23. h3 Rg7 24. Bg4 Be8 25. Be6+ Bf7 26. Bxf7+ Kxf7 27. g3 g5 28. Ke2 Rfg8 29. Raf1 Ke8 30. Be1 Rg6 31. g4 Kd7 32. f3 Rb8 33. h4 h6 34. hxg5 hxg5 35. Rh7 Rbg8 36. Rfh1 R8g7 37. Rh8 Rg8 38. R8h7 1/2-1/2

[Event "Monte Sabotino op"]
[Site "Torino"]
[Date "2012.11.20"]
[Round "3"]
[White "Tondo, Stefano"]
[Black "Manunta, Andrea"]
[Result "0-1"]
[WhiteElo "1715"]
[BlackElo "1951"]
[PlyCount "78"]
[EventDate "2012.11.06"]
[EventType "swiss"]
[EventRounds "7"]
[EventCountry "ITA"]
[SourceTitle "EXT 2015"]
[Source "ChessBase"]
[SourceDate "2014.11.20"]
[SourceVersion "1"]
[SourceVersionDate "2014.11.20"]
[SourceQuality "1"]

1. b3 d5 2. Bb2 c5 3. e3 Nc6 4. Bb5 Bd7 5. Nf3 e6 6. c4 Nf6 7. Bxc6 Bxc6 8. Ne5 Bd6 9. 0-0 0-0 10. d3 Qe7 11. Nd2 Rad8 12. f4 Bb8 13. Qe2 Nd7 14. Nxc6 bxc6 15. e4 d4 16. e5 f5 17. Rf3 Qf7 18. Rg3 Bc7 19. Nf3 h6 20. Nh4 Kh7 21. Rg6 Rfe8 22. Qh5 Re7 23. Qe2 Nf8 24. Rg3 Rb8 25. Ba3 Bb6 26. b4 cxb4 27. Bxb4 c5 28. Be1 Reb7 29. Rb1 Bd8 30. Rxb7 Rxb7 31. Nf3 Ng6 32. Qd2 Rb1 33. h3 Qb7 34. a4 Rb2 35. Qc1 Rb1 36. Qd2 Qb2 37. Qxb2 Rxb2 38. Bd2 Ra2 39. a5 Bxa5 0-1

[Event "Nichelino op 12th"]
[Site "Nichelino"]
[Date "2011.10.08"]
[Round "3"]
[White "Manunta, Andrea"]
[Black "Yao, Stefano"]
[Result "0-1"]
[WhiteElo "1770"]
[BlackElo "1635"]
[PlyCount "138"]
[EventDate "2011.10.06"]
[EventType "swiss"]
[EventRounds "6"]
[EventCountry "ITA"]
[SourceTitle "EXT 2023"]
[Source "ChessBase"]
[SourceDate "2022.10.05"]
[SourceVersion "1"]
[SourceVersionDate "2022.10.05"]
[SourceQuality "1"]

1. d4 d5 2. c4 c6 3. Nf3 Nf6 4. e3 Bg4 5. Nbd2 e6 6. h3 Bh5 7. Qb3 Qb6 8. c5 Qc7 9. Be2 Nbd7 10. g4 Bg6 11. Nh4 Be7 12. Nxg6 hxg6 13. g5 Ne4 14. Nxe4 dxe4 15. Qc2 Bxg5 16. Qxe4 Rh4 17. Qg2 Be7 18. Bd2 0-0-0 19. 0-0-0 e5 20. Qg3 exd4 21. Qxc7+ Kxc7 22. exd4 Nf6 23. Ba5+ b6 24. cxb6+ axb6 25. Bc3 Ne4 26. Rde1 Bf6 27. Bf3 Nxf2 28. d5 Nd3+ 29. Kb1 Nxe1 30. Bxe1 cxd5 31. Bg3+ Kb7 32. Bxh4 Bxh4 33. Rd1 Kc6 34. Rc1+ Kd6 35. Rd1 Ke6 36. Rc1 Bg3 37. Rg1 Be5 38. Bg4+ f5 39. Bf3 Kf6 40. Rc1 Rd6 41. b3 d4 42. Rc6 Kg5 43. Rxd6 Bxd6 44. Kc2 Kh4 45. Bg2 g5 46. Kd3 Bc5 47. Ke2 g4 48. hxg4 Kxg4 49. Kd3 g5 50. Kc4 f4 51. b4 Be7 52. Kxd4 f3 53. Bf1 Bxb4 54. Ke4 Kg3 55. Kf5 g4 56. Bc4 Kg2 57. Kxg4 f2 58. Kf4 f1Q+ 59. Bxf1+ Kxf1 60. Ke3 Ke1 61. Kd3 Kd1 62. Kc4 Ba5 63. Kb3 Kd2 64. Kb2 Kd3 65. Kb3 Kd4 66. a3 b5 67. Kc2 Kc4 68. Kb2 Bc3+ 69. Kc2 Be5 0-1

[Event "Torino Bombelli Memorial 11th"]
[Site "Torino"]
[Date "2011.09.10"]
[Round "3"]
[White "Manunta, Andrea"]
[Black "Dall'Igna, Antonio"]
[Result "1-0"]
[WhiteElo "1770"]
[BlackElo "1515"]
[PlyCount "107"]
[EventDate "2011.09.09"]
[EventType "swiss"]
[EventRounds "5"]
[EventCountry "ITA"]
[SourceTitle "EXT 2023"]
[Source "ChessBase"]
[SourceDate "2022.10.05"]
[SourceVersion "1"]
[SourceVersionDate "2022.10.05"]
[SourceQuality "1"]

1. d4 d5 2. c4 e6 3. Nc3 c6 4. Nf3 Nf6 5. Bg5 Nbd7 6. e3 Qa5 7. Qc2 Ne4 8. Bf4 Ndf6 9. Bd3 Nxc3 10. bxc3 h6 11. h3 Ne4 12. Bxe4 dxe4 13. Nd2 f5 14. 0-0 Qd8 15. Rad1 Bd6 16. Bxd6 Qxd6 17. c5 Qe7 18. Nc4 0-0 19. Ne5 Qg5 20. Rb1 Rb8 21. Nxc6 e5 22. Nxe5 Re8 23. f4 Qe7 24. Rfd1 Qc7 25. Rb4 b6 26. Rdb1 Ba6 27. Qb3+ Kh7 28. cxb6 axb6 29. c4 Rbc8 30. Rxb6 Bxc4 31. Nxc4 Qxc4 32. Qxc4 Rxc4 33. R6b5 Rc3 34. R5b3 Rc2 35. R1b2 Rc1+ 36. Kh2 Ra1 37. Rc3 Ra8 38. Rc7 R1xa2 39. Rbb7 Rg8 40. Rc3 Ra5 41. Rbc7 Rd5 42. R3c5 Rgd8 43. Rxd5 Rxd5 44. Rc5 Rd6 45. Rxf5 Re6 46. Re5 Rxe5 47. fxe5 Kg8 48. Kg3 g5 49. Kg4 Kg7 50. Kf5 Kf7 51. g4 Ke7 52. Kxe4 Ke6 53. d5+ Ke7 54. Kf5 1-0